NFL Player Fun Fact Quiz - Statistics

General Stats
  • This quiz has been taken 18 times
  • The average score is 9 of 30
Answer Stats
Hint Player % Correct
Active RB for New Orleans Saints who is actively a NASCAR growth and engagement advisor Alvin Kamara
67%
Hall of Famer who amputated finger to avoid injury and finish game Ronnie Lott
67%
Only QB to be drafted by Broncos and win playoff game for them Tim Tebow
67%
First active NFL player ever to become grandfather Brett Favre
50%
Went 19 straight games without being sacked Dan Marino
50%
Former US President who was offered NFL contracts from Lions and Packers Gerald Ford
42%
1983 Hall of Fame QB who had secret elbow surgery coincidentally going by fake name"Tom Brady" Terry Bradshaw
42%
Actor from movie "Rocky" who played 2 seasons in the NFL Carl Weathers
33%
Former Pro Bowl QB who almost became Vice President of the United States Jack Kemp
33%
Player who had 20+ concussions, broken noses 20 times, broken ribs, broken fingers, shattered teeth, 74 injury related procedures, 28 on his knees and did not miss a single game in his 15 year career Jim Otto
33%
Patriots player who got game ball after game because he a took a dump on the sideline without anyone noticing Larry Izzo
33%
Player with longest field goal in Saints history who coincidentally had no toes Tom Dempsey
33%
Tampa Buccaneers player who's full name is Tevita Tuliʻakiʻono Tuipulotu Mosese Vaʻhae Fehoko Faletau Vita Vea
33%
Only Jets QB ever to beat Eagles Zach Wilson
33%
Coach who took Vikings to playoffs 8 times in 9 seasons with 7 different QBs Dennis Green
25%
QB who appeared in one Superbowl and has the same amount of passing TDs thrown in the Superbowl than the Denver Broncos Doug Williams
25%
Player who won award for "outstanding character and leadership on and off the field"who was arrested the next day for soliciting prostitution Eugene Robinson
25%
Former 1st Overall Pick who later played "Sloth" in The Goonies John Matuszak
25%
Threw 4 TDs and caught 4 INTs in the same game Sammy Baugh
25%
2014 QB who had more TDs than Kansas City Chiefs WR core combined Andy Dalton
17%
Player who had 1 reception and 111 receiving yards in game Bake Turner
17%
Hall of Fame defensive end who was traded for burping in a team meeting Doug Atkins
17%
64 year old Oscar winning actor who was drafted by the Falcons John Wayne
17%
Hall of Fame QB who Played with George Blanda who entered NFL in 1949Also played with Morten Anderson who retired in 2007 Ken Stabler
17%
69 rushing yard game. Longest run was 66 yards Leonard Fournette
17%
Hall of Fame linebacker who was a full-time cotton picker at the age of 10 Patrick Willis
17%
Player with longest punt in NFL history Randall Cunningham
17%
NFL Head coach who beat Calvin Johnson for High School Player of the Year Sean McVay
17%
Hall of Famer who had career ending coin toss injury Turk Edwards
17%
Steelers first ever draft pick William Shakespeare
17%
No matching quizzes found
Score Distribution
Percent of People with Each Score
Percentile by Number Answered
Your Score History
You have not taken this quiz